Critica de la eficacia (Registro nro. 6128)
[ vista simple ]
| 000 -LEADER | |
|---|---|
| fixed length control field | 01123 a2200241 4500 |
| 001 - CONTROL NUMBER | |
| control field | 57128 |
| 005 - DATE AND TIME OF LATEST TRANSACTION | |
| control field | 20260407155834.0 |
| 008 - FIXED-LENGTH DATA ELEMENTS--GENERAL INFORMATION | |
| fixed length control field | 260407a1992 arg spa d |
| 003 - CONTROL NUMBER IDENTIFIER | |
| control field | AR-UNSa-BCEJYS |
| 040 ## - CATALOGING SOURCE | |
| Original cataloging agency | AR-UNSa-BCEJYS |
| Language of cataloging | spa |
| Transcribing agency | AR-UNSa-BCEJYS |
| 080 ## - UNIVERSAL DECIMAL CLASSIFICATION NUMBER | |
| Universal Decimal Classification number | 17 |
| Common auxiliary subdivision | Filosofía moral. Ética. Filosofía práctica |
| 020 ## - INTERNATIONAL STANDARD BOOK NUMBER | |
| International Standard Book Number | 950-12-6901-9 |
| 041 ## - LANGUAGE CODE | |
| Language code of text/sound track or separate title | spa |
| 100 1# - MAIN ENTRY--PERSONAL NAME | |
| Personal name | Le Mouel, Jacques |
| 245 10 - TITLE STATEMENT | |
| Title | Critica de la eficacia |
| Name of part/section of a work | ética, verdad y utopía de un mito contemporáneo |
| 264 #1 - PRODUCTION, PUBLICATION, DISTRIBUTION, MANUFACTURE, AND COPYRIGHT NOTICE | |
| Place of production, publication, distribution, manufacture | Buenos Aires : |
| Name of producer, publisher, distributor, manufacturer | Paidós |
| Date of production, publication, distribution, manufacture, or copyright notice | 1992 |
| 300 ## - PHYSICAL DESCRIPTION | |
| Extent | 154 p. |
| Dimensions | 23 cm. |
| 505 ## - FORMATTED CONTENTS NOTE | |
| Formatted contents note | Primera parte. La “lógica de la eficacia”: 1. Lo eficaz es lo verdadero – 2. Lo verdadero es lo justo – 3. Lo eficaz es lo justo – 4. ¡Y sin embargo, funciona! – Segunda parte. Preguntas: 1. Introducción: paradojas e incertidumbres – 2. ¿Se pueden trasladar los modelos? – 3. Vivan los ganadores o como jugar a perdedor-ganador |
| 590 ## - LOCAL NOTE (RLIN) | |
| Local note | niveau_biblio:m niveau_hierar:0 |
| 700 1# - ADDED ENTRY--PERSONAL NAME | |
| Personal name | Agoff, Irene |
| 856 41 - ELECTRONIC LOCATION AND ACCESS | |
| Uniform Resource Identifier | <a href="https://www.biblioeco.unsa.edu.ar/pmb/images/libros/L128706.jpg">https://www.biblioeco.unsa.edu.ar/pmb/images/libros/L128706.jpg</a> |
| Link text | Imagen de portada |
| Electronic format type | image/jpeg |
| 942 ## - ADDED ENTRY ELEMENTS (KOHA) | |
| Koha item type | |
| Withdrawn status | Lost status | Damaged status | Not for loan | Home library | Current library | Shelving location | Date acquired | Total checkouts | Full call number | Barcode | Date last seen | Price effective from | Koha item type |
|---|---|---|---|---|---|---|---|---|---|---|---|---|---|
| Biblioteca Prof. Eusebio Cleto del Rey | Biblioteca Prof. Eusebio Cleto del Rey | 07/04/2026 | 17 L433 | L128706 | 07/04/2026 | 07/04/2026 | Libro |